| 000 | 00626nam a2200169Ia 4500 | ||
|---|---|---|---|
| 008 | 180921t2018 xxu||||| |||| 00| 0 sin d | ||
| 041 | _asin | ||
| 080 |
_a301 _bලංකා |
||
| 100 | _aලංකා, විජිත | ||
| 245 | _aසමාජ විද්යාෙව් මූලික සංකල්ප | ||
| 246 | _aSamaja widyawe mulika sankalpa | ||
| 260 |
_bනෙප්චූන් පබ්ලිකේෂන්ස් (පුද්) සමාගම _aබත්තරමුල්ල _c2018 |
||
| 300 | _bපි.501, සෙ.මී.21 | ||
| 942 | _cBK | ||
| 999 |
_c6825 _d6825 |
||
| 003 | LK-CoDNM | ||
| 040 |
_aLK-CoDNM _dLK-CoDNM _eLK-CoDNM |
||